កុលាបទងពេជ្រ : (Record no. 6621)
[ view plain ]
| 000 -LEADER | |
|---|---|
| fixed length control field | 02879nam a22002297a 4500 |
| 001 - CONTROL NUMBER | |
| control field | 6621 |
| 003 - CONTROL NUMBER IDENTIFIER | |
| control field | FISKH |
| 005 - DATE AND TIME OF LATEST TRANSACTION | |
| control field | 20250516101124.0 |
| 008 - FIXED-LENGTH DATA ELEMENTS--GENERAL INFORMATION | |
| fixed length control field | 250516b cb ||||| |||| 00| 0 eng d |
| 040 ## - CATALOGING SOURCE | |
| Original cataloging agency | FISKH |
| Language of cataloging | khr |
| Transcribing agency | FISKH |
| Modifying agency | FISKH |
| 082 ## - DEWEY DECIMAL CLASSIFICATION NUMBER | |
| Classification number | 800 |
| 100 ## - MAIN ENTRY--PERSONAL NAME | |
| Personal name | Samnang, Mao |
| 245 ## - TITLE STATEMENT | |
| Title | កុលាបទងពេជ្រ : |
| Remainder of title | ប្រលោមលោកមនោសញ្ចេតនា / |
| Statement of responsibility, etc. | ដោយ អ្នកស្រី ម៉ៅ សំណាង សមាជិកាសមាគមអ្នកនិពន្ធខ្មែរ |
| 260 ## - PUBLICATION, DISTRIBUTION, ETC. | |
| Place of publication, distribution, etc. | ភ្នំពេញ : |
| Name of publisher, distributor, etc. | បណ្ណាល័យ សុរិយារង្សី , |
| Date of publication, distribution, etc. | ២០១០ . |
| 300 ## - PHYSICAL DESCRIPTION | |
| Extent | 149 pages : |
| Other physical details | illustrations ; |
| Dimensions | 21 cm. |
| 520 ## - SUMMARY, ETC. | |
| Summary, etc. | រឿងនេះនិយាយអំពីកុលាប ដែលជាស្ត្រីមានសម្រស់ បែបសាមញ្ញ តែមានចរិតល្អ។ នាងត្រូវជួបប្រទះនឹងការឈឺចាប់នៅក្នុងស្នេហា ដោយសារតែបញ្ហាសង្គម និងចម្ងាយជាតិសាសន៍ ឬថ្នាក់សង្គម។ ពេជ្រ ជាបុរសដែលស្រឡាញ់កុលាបយ៉ាងជាទីបំផុត ប៉ុន្តែត្រូវប្រឈមជាមួយការបដិសេធ ព្រោះគ្រួសាររបស់គេមិនពេញចិត្តចំពោះស្រីដែលមកពីថ្នាក់សង្គមទាបជាង។<br/><br/>ទោះបីជាការស្រឡាញ់របស់ពួកគេពិតប្រាកដក៏ដោយ ប៉ុន្តែសង្គម និងអំណាចលុយបានបំបំបាក់សុបិន្តស្រស់ស្អាតនោះ។ នៅចុងបញ្ចប់ នេះជារឿងដែលបង្ហាញពីគំនិតថា ស្រឡាញ់មិនអាចឈ្នះសង្គម និងការរើសអើងបានជានិច្ចទេ។ |
| 520 ## - SUMMARY, ETC. | |
| Summary, etc. | This story is about Kolab, a beautiful yet humble woman with a good character. She experiences pain in love due to social issues and differences in class or ethnicity. Pich, a man who deeply loves Kolab, faces rejection because his family disapproves of a woman from a lower social class.<br/><br/>Even though their love is genuine, society and the power of money ultimately crush their beautiful dream. In the end, the story conveys the idea that love cannot always overcome societal barriers and discrimination. |
| 650 ## - SUBJECT ADDED ENTRY--TOPICAL TERM | |
| Topical term or geographic name entry element | កុលាបទងពេជ្រ |
| Form subdivision | ប្រលោមលោកមនោសញ្ចេតនា |
| 650 ## - SUBJECT ADDED ENTRY--TOPICAL TERM | |
| Topical term or geographic name entry element | Kolab torng pich |
| Form subdivision | Romantic Literature |
| 942 ## - ADDED ENTRY ELEMENTS (KOHA) | |
| Source of classification or shelving scheme | Dewey Decimal Classification |
| Koha item type | Khmer Books |
| Suppress in OPAC | No |
| Withdrawn status | Lost status | Source of classification or shelving scheme | Damaged status | Not for loan | Collection | Home library | Current library | Shelving location | Date acquired | Total Checkouts | Full call number | Barcode | Date last seen | Price effective from | Koha item type |
|---|---|---|---|---|---|---|---|---|---|---|---|---|---|---|---|
| Dewey Decimal Classification | Khmer Language Books / សៀវភៅភាសាខ្មែរ | Footprints International School Library Network Toul Tom Poung Campus | Footprints International School Library Network Toul Tom Poung Campus | TTP Secondary Khmer Bookshelves | 05/16/2025 | SAM 800 | FISSE01659 | 05/16/2025 | 05/16/2025 | Khmer Books |
